La dégénérecence fibro-lipomatause du muscle chez le Cheval de boucherie /

Hlavní autor: Diamant, Didier
Korporativní autor: École nationale vétérinaire d'Alfort
Jazyk: Francouzština
Vydáno: Alfort : Didier Diamant, 1963
Témata:
Fyzický popis: 47 s.
Knihy
Uloženo v:
LEADER 01047nam a22003012a 4500
001 001624166
003 CZ BrMZK
005 20180601102450.0
007 ta
008 180411s1963 fr frm||||||||||fre d
040 |a BOA001  |b cze  |e aacr2 
072 7 |a 636.09  |x Veterinární lékařství  |2 Konspekt  |9 24 
080 |a 636.1  |2 MRF 
080 |a 636.09  |2 MRF 
080 |a (048.8)  |2 MRF 
100 1 |a Diamant, Didier  |4 dis 
245 1 3 |a La dégénérecence fibro-lipomatause du muscle chez le Cheval de boucherie /  |c Didier Diamant 
260 |a Alfort :  |b Didier Diamant,  |c 1963 
300 |a 47 s. 
502 |a Disertace--École nationale vétérinaire d'Alfort, 1963 
650 0 7 |a koně  |7 ph114977  |2 czenas 
650 0 7 |a nemoci hospodářských zvířat  |7 ph136502  |2 czenas 
655 7 |a disertace  |7 fd132024  |2 czenas 
710 2 |a École nationale vétérinaire d'Alfort  |7 mzk2013765443 
910 |a BOA001  |b X-0564.674 
990 |a BK 
991 |b 201803 
996 7 |b 2618932039  |c X-0564.674  |l MZK  |r Sklad / do 24 hodin  |n 0  |w 001659864  |u 000010  |a 1  |e BOA001  |j MZK50  |s A